000 00345nam a2200133Ia 4500
008 240624s9999 xx 000 0 und d
041 _aeng
082 _a332.6 PAP
100 _aPAPE SCOTT
245 _aBAREFOOT INVESTOR FIVE STEPS TO FINANCIA
260 _c2006
_aAustralia
_bCapstone
300 _axii, : 206 : p. : cm. ; 23
365 _cBPS
_b25
999 _c4544
_d4544